[Event "Chess24 Banter Blitz Cup"]
[Site "chess24.com INT"]
[Date "2019.10.21"]
[Round "1.5"]
[White "Hammer, Jon Ludvig"]
[Black "Cruz, Cristhian"]
[Result "1-0"]
[WhiteTitle "GM"]
[BlackTitle "GM"]
[WhiteElo "2635"]
[BlackElo "2557"]
[WhiteFideId "1503707"]
[BlackFideId "3801969"]
[EventDate "2019.09.25"]
[EventType "blitz"]

1. e4 c5 2. Nf3 Nc6 3. Bb5 d6 4. O-O Bd7 5. Re1 Nf6 6. c3 a6 7. Bf1 Bg4 8. h3
Bxf3 9. Qxf3 e6 10. Qd1 Be7 11. d3 O-O 12. Nd2 Re8 13. Nf3 Rc8 14. Bf4 b5 15. a4
b4 16. d4 bxc3 17. bxc3 cxd4 18. Bxa6 dxc3 19. Bxc8 Qxc8 20. Rc1 d5 21. exd5
Nxd5 22. Bg3 Ba3 23. Ra1 Bb2 24. Rb1 Ncb4 25. Qb3 Nd3 26. Red1 c2 27. Qxd3
cxd1=Q+ 28. Rxd1 Qa8 29. Ng5 Nf6 30. Rb1 h6 31. Nxf7 Kxf7 32. Rxb2 Qxa4 33. Rb7+
Re7 34. Rxe7+ Kxe7 35. Qg6 Ne8 36. Be5 Qd1+ 37. Kh2 Qe2 38. f4 Qf2 39. Qe4 Nf6
40. Qb4+ Kf7 41. Qb7+ Kg8 42. Qc8+ Kf7 43. Qc7+ Kg8 44. Bxf6 gxf6 45. Qd6 e5 46.
Qe6+ Kg7 47. Qg4+ Kf7 48. fxe5 fxe5 49. Qh5+ Kg7 50. Qxe5+ Kg6 51. Qg3+ Qxg3+
52. Kxg3 Kg5 53. Kf3 Kf5 54. Ke3 Ke5 55. g4 Kf6 56. Kf4 h5 57. g5+ 1-0

[Event "Chess24 Banter Blitz Cup"]
[Site "chess24.com INT"]
[Date "2019.10.21"]
[Round "1.6"]
[White "Cruz, Cristhian"]
[Black "Hammer, Jon Ludvig"]
[Result "0-1"]
[WhiteTitle "GM"]
[BlackTitle "GM"]
[WhiteElo "2557"]
[BlackElo "2635"]
[WhiteFideId "3801969"]
[BlackFideId "1503707"]
[EventDate "2019.09.25"]
[EventType "blitz"]

1. c4 c6 2. Nc3 d5 3. e3 Nf6 4. Nf3 e6 5. Qc2 Nbd7 6. Be2 Bd6 7. O-O O-O 8. b3
e5 9. cxd5 cxd5 10. Nb5 Bb8 11. Ba3 Re8 12. Nd6 Bxd6 13. Bxd6 d4 14. exd4 e4 15.
Ne5 Nf8 16. Bc5 Ne6 17. Bc4 b6 18. Bxe6 Bxe6 19. Ba3 Qxd4 20. Bb2 Qd5 21. d3
exd3 22. Qxd3 Qxd3 23. Nxd3 Nd5 24. Rfe1 Rac8 25. Rac1 Rxc1 26. Rxc1 Rc8 27.
Rxc8+ Bxc8 28. f3 f6 29. Kf2 Ba6 30. Nc1 Kf7 31. a3 Ke6 32. b4 Bc4 33. g3 g5 34.
h4 gxh4 35. gxh4 Nf4 36. Bd4 f5 37. Be3 Ke5 38. Bd2 Nd5 39. a4 Kd4 40. a5 b5 41.
Be1 a6 42. Bd2 f4 43. Be1 Ke5 44. Bd2 Kf5 45. Kg2 Ne7 46. Be1 Ng6 47. Kh2 Ne5
48. Kg2 Bd5 49. Kf2 Nxf3 50. Bc3 Nxh4 51. Ne2 Ng6 52. Nd4+ Ke4 53. Ne2 Ne5 54.
Nc1 Nd3+ 55. Nxd3 Kxd3 56. Be5 f3 57. Bd6 Kc4 58. Be7 h5 59. Bd6 h4 60. Be7 h3
61. Kg3 h2 62. Kxh2 f2 63. Kg3 f1=Q 64. Kg4 Qf3+ 65. Kg5 Be4 66. Kh6 Qf5 67. Kg7
Qg6+ 68. Kf8 Bd5 0-1

[Event "Chess24 Banter Blitz Cup"]
[Site "chess24.com INT"]
[Date "2019.10.21"]
[Round "1.7"]
[White "Hammer, Jon Ludvig"]
[Black "Cruz, Cristhian"]
[Result "1-0"]
[WhiteTitle "GM"]
[BlackTitle "GM"]
[WhiteElo "2635"]
[BlackElo "2557"]
[WhiteFideId "1503707"]
[BlackFideId "3801969"]
[EventDate "2019.09.25"]
[EventType "blitz"]

1. e4 c5 2. Nf3 Nc6 3. Bb5 d6 4. O-O Bd7 5. Re1 Nf6 6. c3 a6 7. Bf1 Bg4 8. h3
Bxf3 9. Qxf3 g6 10. d3 Bg7 11. Qd1 Nd7 12. Nd2 O-O 13. Nf3 b5 14. Be3 b4 15. d4
a5 16. Rc1 Rb8 17. Qd2 a4 18. d5 bxc3 19. bxc3 Nce5 20. Nxe5 Nxe5 21. f4 Nd7 22.
c4 Rb2 23. Rc2 a3 24. Bd3 Qb6 25. Kh2 Rb8 26. Rec1 Qa6 27. Qe2 Qa4 28. Qf1 Rxc2
29. Rxc2 Rb2 30. Qe2 Qb4 31. Bc1 Rxc2 32. Qxc2 Bb2 33. Bd2 Qb8 34. Qa4 Nf6 35.
Qb5 Qc8 36. Be1 h5 37. Bg3 Bd4 38. Bc2 g5 39. fxg5 Nh7 40. Bf4 Nf8 41. Bd1 Ng6
42. g3 h4 43. Bg4 Qa8 44. Bf5 hxg3+ 45. Bxg3 Ne5 46. h4 Nd3 47. h5 Nb4 48. Qd7
Nxa2 49. Qxe7 Qf8 50. Qd7 Nb4 51. g6 a2 52. gxf7+ Kg7 53. Bxd6 Qxd6+ 54. Qxd6
a1=Q 55. f8=Q# 1-0

[Event "Chess24 Banter Blitz Cup"]
[Site "chess24.com INT"]
[Date "2019.10.21"]
[Round "1.8"]
[White "Cruz, Cristhian"]
[Black "Hammer, Jon Ludvig"]
[Result "0-1"]
[WhiteTitle "GM"]
[BlackTitle "GM"]
[WhiteElo "2557"]
[BlackElo "2635"]
[WhiteFideId "3801969"]
[BlackFideId "1503707"]
[EventDate "2019.09.25"]
[EventType "blitz"]

1. c4 g6 2. Nc3 c5 3. Nf3 Bg7 4. e3 Nf6 5. d4 cxd4 6. exd4 O-O 7. Be2 d5 8. h3
Be6 9. c5 Ne4 10. O-O b6 11. cxb6 Qxb6 12. Na4 Qd6 13. b3 Bd7 14. Bd3 Bxa4 15.
bxa4 Nc6 16. Be3 Rab8 17. Rc1 e6 18. Bb5 Ne7 19. Nd2 Nf5 20. Nxe4 dxe4 21. Rc6
Qd8 22. Qc2 Bxd4 23. Qxe4 Bxe3 24. fxe3 Ng3 25. Qf3 Nxf1 26. Qxf1 Qd2 27. Qf4
Qxa2 28. Rc7 a5 29. Ra7 Qd2 30. Qg5 Rbc8 31. Kh2 Rc3 32. Rxa5 Rxe3 33. Qc5 Re1
34. Ra7 Qf4+ 0-1

[Event "Chess24 Banter Blitz Cup"]
[Site "chess24.com INT"]
[Date "2019.10.21"]
[Round "1.9"]
[White "Hammer, Jon Ludvig"]
[Black "Cruz, Cristhian"]
[Result "1-0"]
[WhiteTitle "GM"]
[BlackTitle "GM"]
[WhiteElo "2635"]
[BlackElo "2557"]
[WhiteFideId "1503707"]
[BlackFideId "3801969"]
[EventDate "2019.09.25"]
[EventType "blitz"]

1. e4 g6 2. d4 Bg7 3. Nf3 d6 4. Be2 Nd7 5. O-O a6 6. c4 e6 7. Nc3 Ne7 8. Be3 O-O
9. Qd2 b6 10. Bh6 Bb7 11. Rfe1 e5 12. d5 Nf6 13. h3 Kh8 14. b4 a5 15. a3 Bxh6
16. Qxh6 Neg8 17. Qe3 Nh5 18. c5 axb4 19. axb4 bxc5 20. bxc5 Nf4 21. Bf1 Rxa1
22. Rxa1 Bc8 23. Ra8 Qe7 24. Ra7 dxc5 25. Nb5 Qf6 26. Rxc7 g5 27. Rc6 Qg7 28.
Nd6 g4 29. Rxc8 Rxc8 30. Nxc8 gxf3 31. Qxf3 1-0

[Event "Chess24 Banter Blitz Cup"]
[Site "chess24.com INT"]
[Date "2019.10.21"]
[Round "1.10"]
[White "Cruz, Cristhian"]
[Black "Hammer, Jon Ludvig"]
[Result "0-1"]
[WhiteTitle "GM"]
[BlackTitle "GM"]
[WhiteElo "2557"]
[BlackElo "2635"]
[WhiteFideId "3801969"]
[BlackFideId "1503707"]
[EventDate "2019.09.25"]
[EventType "blitz"]

1. Nf3 d5 2. g3 Nf6 3. Bg2 e6 4. O-O Be7 5. b3 O-O 6. Bb2 b6 7. d3 Bb7 8. Nbd2
c5 9. c4 Nc6 10. Rc1 d4 11. a3 a5 12. Re1 Qd7 13. Qc2 e5 14. e3 Bd6 15. exd4
Nxd4 16. Nxd4 Bxg2 17. Kxg2 exd4 18. Nf3 Rae8 19. Qd2 h6 20. Rxe8 Rxe8 21. Re1
Qc6 22. Rxe8+ Nxe8 23. Qe2 Nf6 24. h4 Kf8 25. Bc1 Nd7 26. Kg1 Qa8 27. Bd2 Qe8
28. Kf1 Qxe2+ 29. Kxe2 h5 30. Ng5 Nf6 31. Nh3 Ke7 32. Bg5 Ke6 33. Nf4+ Bxf4 34.
Bxf4 Nd7 35. Bc7 f6 36. f3 Kf5 37. Bd8 g5 38. hxg5 fxg5 39. Bc7 g4 40. Kf2 Ke6
41. fxg4 hxg4 42. Ke2 Ke7 43. Kd2 Ke6 44. Kc2 Ke7 45. Kd2 Ke6 46. Bd8 Kd6 47.
Bg5 Kc6 48. Bf4 Nf8 49. Be5 Ng6 50. Bf6 Kd7 51. Kc2 Kc6 52. b4 a4 53. bxc5 bxc5
54. Kd2 Nf8 55. Be7 Ne6 56. Bf6 Nc7 57. Be5 Na8 58. Kc2 Nb6 59. Bf6 Nd7 60. Bh8
Kd6 61. Bg7 Ke6 62. Kd2 Kf7 63. Bh6 Ke6 64. Bf4 Ne5 65. Ke2 Kd6 66. Bh6 Ke6 67.
Bf8 Nd7 68. Bh6 Ne5 69. Bf4 Nd7 70. Bc7 Ne5 71. Bb8 Nd7 72. Bc7 Ne5 73. Bb8 Nd7
74. Bf4 Ne5 75. Bg5 Nd7 76. Bd8 Ne5 77. Bb6 Nd7 78. Ba7 Kd6 79. Kd2 Kc6 80. Kc2
Kb7 81. Bxc5 Nxc5 82. Kd2 Kc6 83. Kc2 Kd6 84. Kd2 Ke5 85. Ke2 Nb3 86. Kd1 Kd6
87. Ke2 Kc5 88. Ke1 Na5 89. Ke2 Nc6 90. Ke1 Ne5 91. Ke2 Nf3 92. Kd1 Kc6 93. Ke2
Kd6 94. Kd1 Kc5 95. Ke2 Ne5 96. Kd1 Nxd3 97. Ke2 Ne5 0-1

[Event "Chess24 Banter Blitz Cup"]
[Site "chess24.com INT"]
[Date "2019.10.21"]
[Round "1.11"]
[White "Hammer, Jon Ludvig"]
[Black "Cruz, Cristhian"]
[Result "1-0"]
[WhiteTitle "GM"]
[BlackTitle "GM"]
[WhiteElo "2635"]
[BlackElo "2557"]
[WhiteFideId "1503707"]
[BlackFideId "3801969"]
[EventDate "2019.09.25"]
[EventType "blitz"]

1. e4 d5 2. exd5 Qxd5 3. Nc3 Qd6 4. d4 Nf6 5. Nf3 a6 6. Be3 b5 7. Qd2 Bb7 8. Ne5
Nc6 9. Nxc6 Qxc6 10. f3 e6 11. Bd3 Be7 12. Ne4 Nd5 13. Bg5 Bd6 14. Nxd6+ cxd6
15. O-O h6 16. Bh4 Rc8 17. Rac1 Qb6 18. Bf2 O-O 19. c3 Qc7 20. Rc2 Qe7 21. Rfc1
Rc7 22. b3 Rfc8 23. c4 bxc4 24. bxc4 Nf6 25. Qa5 e5 26. Re1 Qd7 27. Rd2 exd4 28.
Bf5 Qc6 29. Bxc8 Rxc8 30. Bxd4 Nh7 31. Re7 Ng5 32. Qf5 Qxc4 33. Rd1 Bd5 34. h4
Be6 35. Qf4 Nh7 36. Qg3 f6 37. Qxg7# 1-0

[Event "Chess24 Banter Blitz Cup"]
[Site "chess24.com INT"]
[Date "2019.11.09"]
[Round "1.1"]
[White "Cheparinov, Ivan"]
[Black "Kantans, Toms"]
[Result "1-0"]
[WhiteTitle "GM"]
[BlackTitle "GM"]
[WhiteElo "2670"]
[BlackElo "2484"]
[WhiteFideId "2905540"]
[BlackFideId "11602945"]
[EventDate "2019.09.25"]
[EventType "blitz"]

1. d4 Nf6 2. c4 g6 3. Nc3 d5 4. cxd5 Nxd5 5. e4 Nxc3 6. bxc3 Bg7 7. Nf3 c5 8.
Rb1 O-O 9. Be2 cxd4 10. cxd4 Qa5+ 11. Bd2 Qxa2 12. O-O b6 13. Qc1 Bb7 14. Bc4
Qa4 15. Bb5 Qa2 16. Re1 Rc8 17. Qd1 Nc6 18. d5 Nd4 19. Nxd4 Bxd4 20. Re2 Rc2 21.
Bd3 Rb2 22. Rxb2 Qxb2 23. h4 Rc8 24. Bg5 Qa3 25. Rc2 Rxc2 26. Qxc2 f6 27. Bf4
Qc5 28. Qa2 Kg7 29. Qxa7 Bxf2+ 30. Kh2 Bg1+ 31. Kh1 Qf2 32. Qxb7 Qxf4 33. Qxe7+
Kh6 34. Kxg1 Qe3+ 35. Kh2 Qf4+ 36. Kh1 Qc1+ 37. Kh2 Qf4+ 38. Kh3 Qe3+ 39. g3 Qf3
40. Qf8+ Kh5 41. Be2 Qxe2 42. Qxf6 Qxe4 43. Qg5# 1-0

[Event "Chess24 Banter Blitz Cup"]
[Site "chess24.com INT"]
[Date "2019.11.09"]
[Round "1.2"]
[White "Kantans, Toms"]
[Black "Cheparinov, Ivan"]
[Result "1/2-1/2"]
[WhiteTitle "GM"]
[BlackTitle "GM"]
[WhiteElo "2484"]
[BlackElo "2670"]
[WhiteFideId "11602945"]
[BlackFideId "2905540"]
[EventDate "2019.09.25"]
[EventType "blitz"]

1. e4 e5 2. Nf3 Nc6 3. Bb5 f5 4. Nc3 fxe4 5. Nxe4 Nf6 6. Qe2 d5 7. Nxf6+ gxf6 8.
d4 e4 9. Nh4 Be6 10. O-O Qd6 11. g3 O-O-O 12. c3 Rg8 13. Qh5 Bg4 14. Qxh7 Rg7
15. Qh6 Bh3 16. Qf4 Bxf1 17. Bxf1 Kb8 18. Nf5 Qxf4 19. Bxf4 Rh7 20. h4 Ne7 21.
Bh3 Nxf5 22. Bxf5 Rh8 23. Kg2 Bh6 24. Bxh6 Rxh6 25. Rh1 Rdh8 26. Kf1 c6 27. Ke2
Kc7 28. Ke3 Kd6 29. Kf4 a5 30. f3 exf3 31. Kxf3 Re8 32. g4 a4 33. a3 b6 34. h5
c5 35. Rd1 Re7 36. Bc2 Rh8 37. Bxa4 f5 38. Bc2 fxg4+ 39. Kxg4 Re2 40. Bg6 Rxb2
41. dxc5+ Kxc5 42. Kg5 Rb3 43. Kf6 Rxa3 44. Kg7 Raa8 45. Bf7 Rad8 46. h6 Rxh6
47. Kxh6 Kc4 48. Kg7 Kxc3 49. Rxd5 Rxd5 50. Bxd5 b5 51. Bf7 b4 52. Kf6 b3 53.
Bxb3 1/2-1/2

[Event "Chess24 Banter Blitz Cup"]
[Site "chess24.com INT"]
[Date "2019.11.09"]
[Round "1.3"]
[White "Cheparinov, Ivan"]
[Black "Kantans, Toms"]
[Result "1-0"]
[WhiteTitle "GM"]
[BlackTitle "GM"]
[WhiteElo "2670"]
[BlackElo "2484"]
[WhiteFideId "2905540"]
[BlackFideId "11602945"]
[EventDate "2019.09.25"]
[EventType "blitz"]

1. d4 f5 2. Nf3 Nf6 3. g3 e6 4. Bg2 d5 5. O-O Bd6 6. c4 c6 7. b3 Qe7 8. a4 Na6
9. Ba3 Bxa3 10. Nxa3 O-O 11. Nc2 Ne4 12. Nce1 Bd7 13. Nd3 Be8 14. Nfe5 Bh5 15.
Qc2 Rad8 16. e3 c5 17. cxd5 exd5 18. Nf4 Bf7 19. Rfd1 Nb4 20. Qb2 cxd4 21. exd4
g5 22. Nfd3 Nxd3 23. Rxd3 f4 24. f3 Nd6 25. g4 Bg6 26. Rd2 Rc8 27. Re1 Qf6 28.
Bf1 Rc7 29. Rde2 Rfc8 30. Nxg6 hxg6 31. Re6 Qf8 32. Rxg6+ Rg7 33. Qb1 Re8 34.
Rxe8 Qxe8 35. Rxd6 Qe3+ 36. Kh1 Qxf3+ 37. Bg2 Qxg4 38. Bxd5+ Kf8 39. Rf6+ Ke7
40. Re6+ Kd7 41. Qf1 a6 42. Re5 Qh4 43. Be6+ Kd6 44. Qc4 Rc7 45. Qd5+ Ke7 46.
Bd7+ Kf6 47. Rf5+ Kg7 48. Qf7+ Kh6 49. Rf6# 1-0

[Event "Chess24 Banter Blitz Cup"]
[Site "chess24.com INT"]
[Date "2019.11.09"]
[Round "1.4"]
[White "Kantans, Toms"]
[Black "Cheparinov, Ivan"]
[Result "1/2-1/2"]
[WhiteTitle "GM"]
[BlackTitle "GM"]
[WhiteElo "2484"]
[BlackElo "2670"]
[WhiteFideId "11602945"]
[BlackFideId "2905540"]
[EventDate "2019.09.25"]
[EventType "blitz"]

1. e4 e5 2. Nf3 Nc6 3. d4 exd4 4. Nxd4 Qf6 5. Nf3 Bb4+ 6. c3 Bc5 7. Be2 d6 8.
O-O Nge7 9. Bg5 Qg6 10. b4 Bb6 11. a4 a5 12. b5 Ne5 13. Bxe7 Kxe7 14. Nxe5 dxe5
15. Nd2 Rd8 16. Qc2 Bh3 17. Bf3 Be6 18. Rfd1 Kf8 19. Be2 Qf6 20. Nf3 Bc5 21.
Rxd8+ Rxd8 22. Rd1 Rd6 23. Rxd6 cxd6 24. c4 g5 25. Bf1 g4 26. Ne1 b6 27. Nd3 Bd4
28. Nc1 h5 29. Nb3 Bc5 30. Nxc5 dxc5 31. Qd2 Ke7 32. g3 Qg6 33. Bd3 f6 34. Kg2
Qg5 35. Qxg5 fxg5 36. Kf1 Kf6 37. Ke2 Bf7 38. Ke3 Be6 39. Be2 1/2-1/2

[Event "Chess24 Banter Blitz Cup"]
[Site "chess24.com INT"]
[Date "2019.11.09"]
[Round "1.5"]
[White "Cheparinov, Ivan"]
[Black "Kantans, Toms"]
[Result "1-0"]
[WhiteTitle "GM"]
[BlackTitle "GM"]
[WhiteElo "2670"]
[BlackElo "2484"]
[WhiteFideId "2905540"]
[BlackFideId "11602945"]
[EventDate "2019.09.25"]
[EventType "blitz"]

1. d4 e6 2. Nf3 b6 3. g3 Bb7 4. Bg2 f5 5. O-O Nf6 6. c4 Be7 7. Nc3 Ne4 8. Bd2
O-O 9. Rc1 Bf6 10. d5 Nxd2 11. Qxd2 a5 12. Rfe1 Na6 13. e4 Bxc3 14. Rxc3 fxe4
15. Rxe4 Nc5 16. Re1 exd5 17. cxd5 Qf6 18. Rce3 h6 19. Ne5 d6 20. Nc6 Bxc6 21.
dxc6 Kh8 22. Bd5 a4 23. f4 Ra5 24. R1e2 Qf5 25. Re8 Ra8 26. Rxa8 Rxa8 27. Qd4
Qf8 28. Qe3 Qf6 29. Kg2 Rf8 30. h4 Qf5 31. Qd4 Qg4 32. Re7 Qg6 33. h5 Qg4 34.
Bf3 Ne6 35. Bxg4 Nxd4 36. Rxc7 b5 37. Kf2 b4 38. Ke3 Nb5 39. Rb7 a3 40. bxa3 Nc3 1-0

[Event "Chess24 Banter Blitz Cup"]
[Site "chess24.com INT"]
[Date "2019.11.09"]
[Round "1.6"]
[White "Kantans, Toms"]
[Black "Cheparinov, Ivan"]
[Result "1-0"]
[WhiteTitle "GM"]
[BlackTitle "GM"]
[WhiteElo "2484"]
[BlackElo "2670"]
[WhiteFideId "11602945"]
[BlackFideId "2905540"]
[EventDate "2019.09.25"]
[EventType "blitz"]

1. e4 e5 2. Nf3 Nc6 3. Nc3 Nf6 4. d4 exd4 5. Nxd4 Bb4 6. Nxc6 bxc6 7. Qd4 Qe7 8.
f3 O-O 9. Bg5 Rb8 10. O-O-O d6 11. Bxf6 Qxf6 12. Qxf6 gxf6 13. Ne2 Bc5 14. Nd4
Bd7 15. g4 a5 16. Nb3 Bb6 17. Be2 a4 18. Nd2 Be3 19. Kb1 Be6 20. Nc4 Bf4 21. c3
c5 22. Kc2 Rb7 23. b3 Ra8 24. Rb1 Kf8 25. h4 h5 26. gxh5 Ke7 27. bxa4 Rxb1 28.
Rxb1 Rxa4 29. Kb3 Ra8 30. a4 c6 31. Ra1 d5 32. Nb6 Ra5 33. exd5 cxd5 34. c4 d4
35. Nd5+ Bxd5 36. cxd5 Kd6 37. Kc4 Bd2 38. Bd3 Bc3 39. Ra2 Ra8 40. h6 Rb8 41.
Bf5 Rb4+ 42. Kd3 c4+ 43. Ke4 Rb8 44. h7 Re8+ 45. Kf4 d3 46. Rg2 Be5+ 47. Ke3
Bc3+ 48. Kf4 Be5+ 49. Ke3 Bc3+ 50. Kf2 Bd4+ 51. Kf1 Bc3 52. Rg8 Re1+ 53. Kg2 d2
54. Bc2 Rc1 55. h8=Q Rxc2 56. Rd8+ Kc5 57. Qf8+ Kd4 58. Qd6 d1=Q+ 59. Kh3 Qxf3+
60. Qg3 Qxg3+ 61. Kxg3 Rd2 62. Kf4 Rd3 63. Kf5 Re3 64. Kxf6 Re5 65. Kxf7 Rxd5
66. Re8 Kc5 67. Re6 1-0

[Event "Chess24 Banter Blitz Cup"]
[Site "chess24.com INT"]
[Date "2019.11.09"]
[Round "1.7"]
[White "Cheparinov, Ivan"]
[Black "Kantans, Toms"]
[Result "1-0"]
[WhiteTitle "GM"]
[BlackTitle "GM"]
[WhiteElo "2670"]
[BlackElo "2484"]
[WhiteFideId "2905540"]
[BlackFideId "11602945"]
[EventDate "2019.09.25"]
[EventType "blitz"]

1. d4 Nf6 2. c4 g6 3. Nc3 d5 4. cxd5 Nxd5 5. e4 Nxc3 6. bxc3 Bg7 7. Nf3 c5 8.
Rb1 O-O 9. Be2 b6 10. O-O Qc7 11. h4 Rd8 12. d5 Bxc3 13. h5 Bg7 14. hxg6 hxg6
15. Ng5 Nd7 16. Qb3 Nf8 17. Bc4 Qe5 18. f4 Qc3 19. e5 Qxb3 20. axb3 Bf5 21. Ra1
f6 22. d6+ e6 23. Nf3 Be4 24. Bb2 fxe5 25. fxe5 Bh6 26. Rae1 Bc6 27. Nh2 b5 28.
Bd3 a5 29. Ng4 Bg7 30. Nf6+ Bxf6 31. Rxf6 a4 32. Bxg6 Nxg6 33. Rxg6+ Kh7 34.
Rxe6 axb3 35. Re3 Rg8 36. Rh3+ Kg7 37. Rg3+ Kh7 38. Re7+ Kh6 39. Bc1+ Kh5 40.
Rh7# 1-0

[Event "Chess24 Banter Blitz Cup"]
[Site "chess24.com INT"]
[Date "2019.11.09"]
[Round "1.8"]
[White "Kantans, Toms"]
[Black "Cheparinov, Ivan"]
[Result "0-1"]
[WhiteTitle "GM"]
[BlackTitle "GM"]
[WhiteElo "2484"]
[BlackElo "2670"]
[WhiteFideId "11602945"]
[BlackFideId "2905540"]
[EventDate "2019.09.25"]
[EventType "blitz"]

1. e4 e5 2. Nf3 Nc6 3. Nc3 Nf6 4. d4 exd4 5. Nxd4 Bb4 6. Nxc6 bxc6 7. Qd4 Qe7 8.
f3 O-O 9. Bg5 Rb8 10. O-O-O d6 11. a3 Bc5 12. Qa4 Bd7 13. h4 h6 14. Bf4 Nh5 15.
Bd2 Ng3 16. Rh2 Bg1 17. Rh3 Bxh3 18. gxh3 Nxf1 19. Rxf1 Bd4 20. Qxc6 Qxh4 21.
Rd1 Qxh3 22. Qxc7 Qxf3 23. Qc4 Be5 24. Rf1 Qg4 25. Qd3 Rfe8 26. b4 Bxc3 27. Bxc3
Qxe4 28. Qxd6 Rbc8 29. Kb2 Rxc3 30. Kxc3 Rc8+ 31. Kb2 Qxc2+ 32. Ka1 Qc3+ 33. Ka2
Qc4+ 0-1

[Event "Chess24 Banter Blitz Cup"]
[Site "chess24.com INT"]
[Date "2019.11.09"]
[Round "1.9"]
[White "Cheparinov, Ivan"]
[Black "Kantans, Toms"]
[Result "1/2-1/2"]
[WhiteTitle "GM"]
[BlackTitle "GM"]
[WhiteElo "2670"]
[BlackElo "2484"]
[WhiteFideId "2905540"]
[BlackFideId "11602945"]
[EventDate "2019.09.25"]
[EventType "blitz"]

1. d4 Nf6 2. c4 g6 3. Nc3 d5 4. cxd5 Nxd5 5. e4 Nxc3 6. bxc3 Bg7 7. Nf3 O-O 8.
Be2 c5 9. Rb1 b6 10. O-O Qc7 11. h4 Rd8 12. h5 Bg4 13. hxg6 hxg6 14. Be3 Nd7 15.
Ng5 Bxe2 16. Qxe2 Nf8 17. Rbc1 e6 18. e5 Qc6 19. Qg4 f5 20. exf6 Bxf6 21. Ne4
Bg7 22. dxc5 Rd5 23. c4 Rf5 24. Nd6 Rh5 25. Qe4 Rc8 26. Rfd1 Rc7 27. Qxc6 Rxc6
28. cxb6 axb6 29. Rb1 Nd7 30. Ne8 Nc5 31. Rd8 Kf7 32. Nxg7 Kxg7 33. g4 Rh4 34.
f3 e5 35. Kg2 Rh8 36. Rxh8 Kxh8 37. Bxc5 Rxc5 38. Rxb6 Rxc4 39. Rxg6 Ra4 40. Re6
Rxa2+ 41. Kg3 Re2 42. Kh4 Re3 43. Rf6 Kg7 44. Kg5 Re1 45. Re6 Re3 46. Rf6 Re1
47. Rf5 Re3 48. Rf6 1/2-1/2

[Event "Chess24 Banter Blitz Cup"]
[Site "chess24.com INT"]
[Date "2019.11.09"]
[Round "1.10"]
[White "Kantans, Toms"]
[Black "Cheparinov, Ivan"]
[Result "1-0"]
[WhiteTitle "GM"]
[BlackTitle "GM"]
[WhiteElo "2484"]
[BlackElo "2670"]
[WhiteFideId "11602945"]
[BlackFideId "2905540"]
[EventDate "2019.09.25"]
[EventType "blitz"]

1. e4 e5 2. Nf3 Nc6 3. d4 exd4 4. Nxd4 Qf6 5. Nf3 Bb4+ 6. c3 Bc5 7. Be2 d6 8.
O-O Nge7 9. Bg5 Qg6 10. Bh4 a6 11. Nbd2 O-O 12. b4 Ba7 13. a4 Re8 14. Qb3 Be6
15. Qb2 Ne5 16. Bg3 Nxf3+ 17. Bxf3 Nc6 18. b5 axb5 19. axb5 Ne5 20. Be2 Bb6 21.
Rxa8 Rxa8 22. Ra1 Re8 23. Kf1 f5 24. f3 Rf8 25. Qc2 fxe4 26. Qxe4 Bf5 27. Qxb7
Ng4 28. Ra8 Ne3+ 29. Ke1 Nxg2+ 30. Kd1 Ne3+ 31. Kc1 Qf6 32. Rxf8+ Kxf8 33. Kb2
Be6 34. Ne4 Qd8 35. Bf4 Bd5 36. Qa6 Bxe4 37. fxe4 Qf6 38. Qc8+ Kf7 39. Bxe3 Bxe3
40. Bc4+ Kg6 41. Qg4+ Qg5 42. Qe6+ Qf6 43. Qe8+ Kh6 44. Be2 g6 45. Kc2 Bf4 46.
h3 Be5 47. Qc6 Qf2 48. Qc4 Qe3 49. Bd3 Qxh3 50. Qxc7 Qh2+ 51. Kb3 Qd2 52. Qc4
Qe3 53. Bc2 Qb6 54. Qc6 Qe3 55. b6 Bxc3 56. Qxc3 Qxb6+ 57. Qb4 Qxb4+ 58. Kxb4
Kg5 59. Kc4 Kf6 60. Kd5 Ke7 61. Bd1 h5 62. Bf3 h4 63. Bg4 g5 64. Bh3 1-0

[Event "Chess24 Banter Blitz Cup"]
[Site "chess24.com INT"]
[Date "2019.11.09"]
[Round "1.11"]
[White "Cheparinov, Ivan"]
[Black "Kantans, Toms"]
[Result "1-0"]
[WhiteTitle "GM"]
[BlackTitle "GM"]
[WhiteElo "2670"]
[BlackElo "2484"]
[WhiteFideId "2905540"]
[BlackFideId "11602945"]
[EventDate "2019.09.25"]
[EventType "blitz"]

1. d4 e6 2. Nf3 b6 3. g3 Bb7 4. Bg2 f5 5. O-O Nf6 6. c4 Be7 7. Nc3 Ne4 8. Bd2
O-O 9. d5 Bf6 10. Rc1 Na6 11. Be1 Nac5 12. Nd4 Nxc3 13. Bxc3 Ne4 14. dxe6 Nxc3
15. Rxc3 Bxg2 16. Kxg2 c5 17. e7 Qxe7 18. Nxf5 Qe6 19. Rf3 Qxc4 20. Nd6 Qxa2 21.
b3 Kh8 22. Qd5 h6 23. Nf7+ Kh7 24. Qe4+ Kg8 25. Rxf6 Qxb3 26. Nxh6+ Kh8 27.
Rxf8+ Rxf8 28. Nf5 Qf7 29. Qh4+ Kg8 30. Ne7+ 1-0

[Event "Chess24 Banter Blitz Cup"]
[Site "chess24.com INT"]
[Date "2019.11.09"]
[Round "1.12"]
[White "Kantans, Toms"]
[Black "Cheparinov, Ivan"]
[Result "1/2-1/2"]
[WhiteTitle "GM"]
[BlackTitle "GM"]
[WhiteElo "2484"]
[BlackElo "2670"]
[WhiteFideId "11602945"]
[BlackFideId "2905540"]
[EventDate "2019.09.25"]
[EventType "blitz"]

1. e4 e5 2. Nf3 Nc6 3. d4 exd4 4. Nxd4 Qf6 5. Nf3 Bb4+ 6. c3 Bc5 7. Be2 d6 8.
O-O Nge7 9. Bg5 Qg6 10. b4 Bb6 11. Bh4 h5 12. Nbd2 Bg4 13. Nc4 f6 14. a4 Bh3 15.
Ne1 Qxe4 16. a5 Qxh4 17. gxh3 d5 18. Nd2 O-O 19. axb6 axb6 20. Rxa8 Rxa8 21. Ng2
Qxh3 22. Nf3 Ne5 23. Nxe5 fxe5 24. Bxh5 Qxc3 25. Qg4 Qc6 26. Re1 Qf6 27. Nh4 Rf8
28. f3 e4 29. Kg2 Nf5 30. Nxf5 Qxf5 31. Qxf5 Rxf5 32. Bg4 exf3+ 33. Bxf3 c6 34.
Re7 Rf4 35. Rxb7 Rxb4 36. Kg3 b5 37. Bg4 Rc4 38. Be6+ Kf8 39. h4 g6 40. Rf7+ Ke8
41. Rg7 b4 42. Rxg6 b3 43. h5 b2 44. Bf5 Re4 45. Rg8+ Kf7 46. Bxe4 Kxg8 47. Bb1
c5 48. Kf4 c4 49. Ke5 c3 50. Kxd5 c2 51. Bxc2 b1=Q 52. Bxb1 Kh8 53. Ke5 Kg7 54.
Kf4 Kh8 55. Kg5 Kg7 56. h6+ Kh8 57. Kg6 Kg8 58. Ba2+ Kh8 59. Bb3 1/2-1/2

[Event "Chess24 Banter Blitz Cup"]
[Site "chess24.com INT"]
[Date "2019.11.09"]
[Round "1.13"]
[White "Cheparinov, Ivan"]
[Black "Kantans, Toms"]
[Result "1/2-1/2"]
[WhiteTitle "GM"]
[BlackTitle "GM"]
[WhiteElo "2670"]
[BlackElo "2484"]
[WhiteFideId "2905540"]
[BlackFideId "11602945"]
[EventDate "2019.09.25"]
[EventType "blitz"]

1. d4 g6 2. Nf3 Bg7 3. g3 c5 4. c4 Nf6 5. Bg2 O-O 6. O-O cxd4 7. Nxd4 Nc6 8. Nc3
Rb8 9. b3 Qa5 10. Bb2 a6 11. e3 Rd8 12. Nd5 Nxd5 13. cxd5 Nxd4 14. Bxd4 e5 15.
Bb2 d6 16. Qe1 Qc7 17. Rc1 Qe7 18. Qa5 b6 19. Qc3 f5 20. Ba3 e4 21. Qc7 Qxc7 22.
Rxc7 Bb7 23. Rfc1 Bxd5 24. Bf1 b5 25. Rd1 Ba8 26. Rxd6 Be5 27. Rxd8+ Rxd8 28.
Re7 Bc3 29. Bc5 Bd5 30. a4 Rc8 31. Bd6 bxa4 32. bxa4 a5 33. Bb5 Bb4 34. Rc7 Rd8
35. Be5 Bb3 36. Rg7+ Kf8 37. Rxh7 Rd1+ 38. Kg2 Rd5 39. Bd4 Bc5 40. Bxc5+ Rxc5
41. Ra7 Bc2 42. Rxa5 Bd3 43. Ra7 Rc2 44. Rd7 Bxb5 45. axb5 Rb2 46. Rd5 Ke7 47.
g4 Ke6 48. Rd4 Ke5 49. gxf5 gxf5 50. Kg3 Rxb5 51. f3 Rb8 52. fxe4 fxe4 53. Ra4
Rg8+ 54. Kf2 Rf8+ 55. Ke2 Rh8 56. Ra5+ Ke6 57. Kf2 Rxh2+ 58. Kg3 Rh1 59. Kf4
Rh4+ 60. Kg3 1/2-1/2